000 00716nam a2200217Ia 4500
003 GCL
008 140319s9999 xx 000 0 ara d
040 _aGCL /
_cGCL
082 0 4 _a371
_bع ا
100 1 _aعصام توفيق قمر
245 1 0 _aالانشطة المدرسية والوعى البيئى /
_cعصام توفيق قمر
250 _aالاولى
260 _aالقاهرة :
_bالسحاب للنشر والتوزيع ،
_c2005
300 _a259 ص ؛
_c24 سم
650 0 4 _aحماية البيئة
650 0 4 _aالخدمة الاجتماعية
650 0 4 _aالتعليم - مصر
650 0 4 _aالوعى البيئى
650 0 4 _aالمدارس - انشطة
942 _2ddc
_cBK
999 _c56440
_d56440